LEADER 02676nam 2200613 450 001 9910463641303321 005 20211022030237.0 010 $a3-11-134733-8 024 7 $a10.1515/9783111347332 035 $a(CKB)3390000000035706 035 $a(EBL)3043092 035 $a(OCoLC)922946210 035 $a(SSID)ssj0001052984 035 $a(PQKBManifestationID)11555855 035 $a(PQKBTitleCode)TC0001052984 035 $a(PQKBWorkID)11113716 035 $a(PQKB)11128622 035 $a(MiAaPQ)EBC3043092 035 $a(DE-B1597)96381 035 $a(OCoLC)999354608 035 $a(DE-B1597)9783111347332 035 $a(Au-PeEL)EBL3043092 035 $a(CaPaEBR)ebr10760100 035 $a(EXLCZ)993390000000035706 100 $a20130923h19861986 uy| 0 101 0 $afre 135 $aurnn|---||||| 181 $ctxt 182 $cc 183 $acr 200 10$aAspects de l'interdiction dans la lexicographie franc?aise contemporaine /$fJean Boulanger ; with an English summary 205 $aReprint 2012 210 1$aTu?bingen [Germany] :$cMax Niemeyer Verlag,$d[1986] 210 4$d©1986 215 $a1 online resource (176 p.) 225 0 $aLexicographica. Series Maior ;$v13 300 $aDescription based upon print version of record. 311 0 $a3-11-192840-3 311 0 $a3-484-30913-X 320 $aIncludes bibliographical references. 327 $tFront matter --$tTABLE DES MATIÈRES --$tAVANT-PROPOS --$tABRÉVIATIONS --$t1. LES DICTIONNAIRES ET L? SOCIÉTÉ --$t2. UNE APPROCHE DE LA SITUATION D'INTERDICTION LEXICOGRAPHIQUE --$t3. VERS UNE DÉFINITION DE L'INTERDICTION LEXICOGRAPHIQUE --$t4. QUELQUES CAUSES DE L'INTERDICTION LEXICOGRAPHIQUE --$t5. LES PRINCIPALES INTERDICTIONS: DES CHOSES AUX MOTS --$t6. TYPOLOGIE LINGUISTIQUE DES INTERDICTIONS LEXICOGRAPHIQUES --$t7. LES MYTHES LEXICOGRAPHIQUES --$t8. PEUT-ÊTRE UNE CONCLUSION? --$t9. VERS UNE NOUVELLE LEXICOGRAPHIE --$tRÉSUMÉ EN ANGLAIS / ASPECTS OF THE BANNING OF TABOO WORDS IN CONTEMPORARY FRENCH DICTIONARIES, SUMMARY --$tBIBLIOGRAPHIE --$tINDEX DES NOTIONS --$tINDEX DES MOTS, DES AFFIXES ET DES NOMS PROPRES --$tINDEX DES DICTIONNAIRES --$tLISTE DES TABLEAUX 410 0$aLexicographica. Series Maior 606 $aFrench language$xLexicography 608 $aElectronic books. 615 0$aFrench language$xLexicography. 676 $a443/.028 700 $aBoulanger$b Jean-Claude$0623886 801 0$bMiAaPQ 801 1$bMiAaPQ 801 2$bMiAaPQ 906 $aBOOK 912 $a9910463641303321 996 $aAspects de l'interdiction dans la lexicographie franc?aise contemporaine$92456117 997 $aUNINA LEADER 01793nam 2200529I 450 001 9910702454203321 005 20130125090716.0 035 $a(CKB)5470000002427626 035 $a(OCoLC)825107047 035 $a(EXLCZ)995470000002427626 100 $a20130125d2012 ua 0 101 0 $aeng 135 $aurbn||||||||| 181 $ctxt$2rdacontent 182 $cc$2rdamedia 183 $acr$2rdacarrier 200 10$aDesign of low complexity model reference adaptive controllers /$fCurt Hanson [and three others] 210 1$aEdwards, CA :$cNational Aeronautics and Space Administration, Dryden Flight Research Center,$d2012. 215 $a1 online resource (21 pages) 225 1 $aNASA/TM ;$v2012-215972 300 $aTitle from title screen (viewed on Jan, 25, 2013). 300 $a"May 2012." 320 $aIncludes bibliographical references (pages 20-21). 606 $aModel reference adaptive control$2nasat 606 $aF-18 aircraft$2nasat 606 $aAircraft performance$2nasat 606 $aControllers$2nasat 606 $aComplexity$2nasat 606 $aAircraft control$2nasat 606 $aControl systems design$2nasat 606 $aAutomatic flight control$2nasat 615 7$aModel reference adaptive control. 615 7$aF-18 aircraft. 615 7$aAircraft performance. 615 7$aControllers. 615 7$aComplexity. 615 7$aAircraft control. 615 7$aControl systems design. 615 7$aAutomatic flight control. 700 $aHanson$b Curt$01397187 712 02$aHugh L. Dryden Flight Research Center, 801 0$bGPO 801 1$bGPO 906 $aBOOK 912 $a9910702454203321 996 $aDesign of low complexity model reference adaptive controllers$93548371 997 $aUNINA